00734nam a2200205 a 450000100060000000300080000600500170001400800410003103500190007204000270009104100080011808200270012610000320015324501850018526000540037030000290042465000160045365000300046965000290049963806BD-RjUL20211209081232.0040217s1969 kn c 000 0 eng d a(BD-RjUL)63936 aDLCcDLCdBD-RjULbeng aeng a327.0904223bKIL 19691 aKim, Il-sŏng,d1912-1994.10aLet us promote the world revolution, holding high the banner of Marxism-Leninism and proletarian internationalism,the banner of anti-imperialist, anti-U.S. struggle /c Kim Il Sung aPyongyang :bForeign Languages Pub. House,c1969. a271 p. :bill. ;c22 cm. 0aRevolutions 0aWorld politicsy1965-1975 0aSocialismzKorea (North)